| 000 | 00681 a2200217 4500 | ||
|---|---|---|---|
| 001 | 47160 | ||
| 005 | 20260407155740.0 | ||
| 008 | 260407a1992 arg spa d | ||
| 003 | AR-UNSa-BCEJYS | ||
| 040 |
_aAR-UNSa-BCEJYS _bspa _cAR-UNSa-BCEJYS |
||
| 080 |
_a(038)33 _xDiccionario de EconomÃa |
||
| 245 | 1 | 0 | _aDiccionario de EconomÃa |
| 020 | _a980-293-138-1 | ||
| 264 | 1 |
_aBarcelona : _bEdiciones Grijalbo _c1992 |
|
| 300 |
_a231 p. _c21 cm. |
||
| 942 | _cBK | ||
| 590 | _aniveau_biblio:m niveau_hierar:0 | ||
| 100 | 1 | _aMcWilliams, Douglas | |
| 700 | 1 | _aCongdon, Tim | |
| 856 | 4 | 1 |
_uhttps://www.biblioeco.unsa.edu.ar/pmb/images/libros/L127408.jpg _yImagen de portada _qimage/jpeg |
| 999 |
_c4301 _d4301 |
||